Turbo pascal con aplicaciones 4.0-6.0 (Registro nro. 4268)

Detalles MARC
000 -CABECERA
campo de control de longitud fija 00541aam a2200217 4500
005 - FECHA Y HORA DE ACTUALIZACIÓN
campo de control 20161116192700.0
008 - LONGITUD FIJA
campo de control de longitud fija 150407b xxu||||| |||| 00| 0 spa d
041 ## - IDIOMA
Código de idioma del texto/pista de sonido o título separado
082 ## - CLASIFICACIÓN DECIMAL DEWEY
Número de clasificación 001.642.4 H515t
100 ## - AUTOR PERSONAL
Nombre de persona Hennefeld, Julien
245 ## - TÍTULO PROPIAMENTE DICHO
Título Turbo pascal con aplicaciones 4.0-6.0
250 ## - EDICIÓN
Mención de edición 2 ed.
260 ## - PIE DE IMPRENTA
Lugar de publicación, distribución, etc. México
260 ## - PIE DE IMPRENTA
Nombre del editor, distribuidor, etc. Iberoamericana
260 ## - PIE DE IMPRENTA
Fecha de publicación, distribución, etc. 1992
300 ## - DESCRIPCIÓN FÍSICA
Extensión 500 páginas
650 ## - Materia General
Materia general LENGUAJES DE PROGRAMACION
650 ## - Materia General
Materia general PASCAL
650 ## - Materia General
Materia general TURBO PASCAL
942 ## - Punto de Acceso Adicional Koha
Tipo de ítem Koha Libro

No hay ítems disponibles.